|
|
|
|
| LEADER |
00690nam a22001577a 4500 |
| 020 |
|
|
|a 9789351112471
|
| 082 |
|
|
|a 020.7155
|b SIN/P
|
| 100 |
|
|
|a Singh,Kanwer Pal
|
| 245 |
|
|
|a Preparation and training of librarry staff
|
| 260 |
|
|
|a New Delhi
|b random
|c 2014
|
| 300 |
|
|
|a 279p.
|
| 650 |
|
|
|a job training,Service training-Library and information science
|
| 942 |
|
|
|c BK
|
| 999 |
|
|
|c 33264
|d 33264
|
| 952 |
|
|
|0 0
|1 0
|4 0
|6 020_715500000000000_SINP
|7 0
|8 Stack
|9 35193
|a KUCL
|b KUCL
|c Stack
|d 2015-06-27
|g 1550.00
|l 0
|o 020.7155 SIN/P
|p 39490
|r 2015-06-27
|w 2015-06-27
|y BK
|
| 952 |
|
|
|0 0
|1 0
|4 0
|6 020_715500000000000_SINP
|7 0
|8 Stack
|9 62207
|a KUCL
|b KUCL
|c Stack
|d 2018-08-08
|g 1550.00
|l 0
|o 020.7155 SIN/P
|p 47383
|r 2018-08-08
|w 2018-08-08
|y BK
|